000 00295pab a2200121 454500
008 180718b xxu||||| |||| 00| 0 eng d
100 _aSharma, B.D.
245 _aTribals demand the protection of law
650 _a Tribes
650 _aBackward Classes
773 _aTimes of India
909 _a22511
999 _c22511
_d22511